000 01327cam a2200349 a 4500
001 15730045
005 20170105102850.0
008 090508s2010 fluab b 001 0 eng
010 _a 2009018491
015 _aGBA952214
_2bnb
016 7 _a015266212
_2Uk
020 _a9781420085570 (hc)
020 _a1420085573
035 _a(OCoLC)ocn212844020
040 _aDLC
_cDLC
_dC#P
_dYDXCP
_dBWX
_dCDX
_dUKM
_dDLC
050 0 0 _aHT361
_b.U727 2010
082 0 0 _a363.209173/2
_222
245 0 0 _aUrbanization, policing, and security :
_bglobal perspectives /
_cedited by Gary Cordner, AnnMarie Cordner, Dilip K. Das.
260 _aBoca Raton :
_bCRC Press :
_bInternational Police Executive Symposium,
_cc2010.
300 _axiv, 461 p. :
_bill., maps ;
_c25 cm.
504 _aIncludes bibliographical references and index.
650 0 _aUrbanization.
650 0 _aCommunity policing.
650 0 _aSecurity, International.
700 1 _aCordner, Gary W.
700 1 _aCordner, AnnMarie.
700 1 _aDas, Dilip K.,
_d1941-
856 4 2 _3Publisher description
_uhttp://www.loc.gov/catdir/enhancements/fy0913/2009018491-d.html
906 _a7
_bcbc
_corignew
_d1
_eecip
_f20
_gy-gencatlg
942 _2ddc
_cBK
999 _c14219
_d14219